000 01234nam a2200265Ia 4500
003 Ost
005 20260507075449.0
008 260507s9999||||xx |||||||||||||| ||und||
020 _a3460119957
040 _cfsecg
041 _aara
082 _a330
100 _aالرجبي، محمد تيسير عبد الحكيم
_eمؤلف
245 0 _aالمحاسبة الادارية /
_c محمد تيسير عبد الحكيم الرجبي
250 _aطبعة 4
260 _aعمان:
_bدار وائل للنشر,
_c2007
300 _a407 صفحة؛
_c24 سم
504 _aبيبليوغرافيا ص.287 ملاحق ص.392
520 _aيعرض هذا الكتاب مايلي : المحاسبة الادارية/التعريف بالمحاسبة الادارية واهدافها/طبيعة وتصنيفات التكاليف/تقدير التكاليف/القرارات الادارية قصيرة المدى/الموازنة الرأسمالية/اللامركزية واسعار التحويل/قرارات التسعير
653 _aالبيانات المالية
653 _aالمحاسبة
653 _aالمحاسبة الادارية
653 _aمحاسبة التكاليف
942 _cكتاب
999 _c44614
_d44614